Normal view
MARC view
Entry Topical Term
001 - CONTROL NUMBER
- control field: 10453
003 - CONTROL NUMBER IDENTIFIER
- control field: ARRUPE
005 - DATE AND TIME OF LATEST TRANSACTION
- control field: 20140521141138.0
008 - FIXED-LENGTH DATA ELEMENTS
- fixed length control field: 140521|| aca||aabn | a|a d
040 ## - CATALOGING SOURCE
- Original cataloging agency: ARRUPE
- Transcribing agency: ARRUPE
150 ## - HEADING--TOPICAL TERM
- Topical term or geographic name as entry element: Reason in Science Education
- General subdivision: Art Education
- General subdivision: Philosophy for Teachers
670 ## - SOURCE DATA FOUND
- Source citation: Work cat.: (ARRUPE): Hare, William 10452, Reason in Teaching and Education, 1989